007520000a2200217000450024501840000065000130018465000140019765000230021165000250023465000190025965100410027865300180031965300130033765300160035065300150036604100140038170000330039570000290042810000310045777300460048810aListado de lepidoptero faunístico de la sierra de Atoyac de Alvarez en el estado de Guerrero: notas acerca de su distribución local y estacional ()14aInsectos14aMariposas14aTaxonomía animal14aSistemática animal14aBiogeografía 4lSierra de AtoyacmGuerreropMéxico fPapilionoidea fPieridae fNymphalidae fLycaenidae0 aEspañol1 aLlorente Bousquets, Jorge E.1 aLuis Martínez, Armando1 aVargas Fernández, Isabel1 tFolia Entomológica373h8q41-178d1992